000
00311 a2200133 4500
000
nam a22 7a 4500
005
20260317130509.0
020
_a
9788131614563
100
_a
Ghanshyam Shah
245
_a
Dalit Identity And Politics
250
_a
2nd
260
_b
Rawat Publication
_c
2025
942
_c
TEXL
999
_c
1715619
_d
1715619